O pokazateljach kreditosposobnosti.
Ukazovatele úverovej schopnosti (koeficient likvidity, koeficient pokrytia, ukazovateľ zabezpečenia vlastnými zdrojmi), ich charakteristika a štruktúra. Metodika stanovenia stupňa úverovej schopnosti podnikov z hľadiska jednotlivých ukazovateľov.
Salvato in:
| Autore principale: | |
|---|---|
| Natura: | Capitolo di libro |
| Lingua: | russo |
| Soggetti: | |
| Tags: |
Nessun Tag, puoi essere il primo ad aggiungerne!!
|
MARC
| LEADER | 00000naa a2200000 4500 | ||
|---|---|---|---|
| 001 | r002896 | ||
| 005 | 20220819192248.6 | ||
| 041 | 0 | |a rus | |
| 044 | |a [SU] | ||
| 245 | 1 | 0 | |a O pokazateljach kreditosposobnosti. |c M.O. Čikina |
| 520 | |a Ukazovatele úverovej schopnosti (koeficient likvidity, koeficient pokrytia, ukazovateľ zabezpečenia vlastnými zdrojmi), ich charakteristika a štruktúra. Metodika stanovenia stupňa úverovej schopnosti podnikov z hľadiska jednotlivých ukazovateľov. | ||
| 610 | 2 | 0 | |a úver |
| 610 | 2 | 0 | |a likvidita |
| 610 | 2 | 0 | |a ukazovatele finančné |
| 610 | 2 | 0 | |a podnik |
| 610 | 2 | 0 | |a ZSSR |
| 100 | 1 | |a Čikina, M.O. | |